| 000 | 00643nam a22001815i 4500 | ||
|---|---|---|---|
| 001 | 48507 | ||
| 003 | ES-MaACL | ||
| 005 | 20251123063301.0 | ||
| 007 | t| | ||
| 008 | 950724s1871 sp ||||1| spa d | ||
| 040 |
_aCAM _bspa _cCAM |
||
| 100 | 1 |
_aDelgado Jugo, Francisco de Asís, _d1830-1875 _943460 |
|
| 245 | 1 | 0 |
_aExtracción de la catarata por el procedimiento llamado extracción lineal modificada de Graefe _b: procedimiento de Webwe / _cpor... Francisco Delgado Jugo. |
| 260 |
_aCádiz : _b[s.n.], _c1871 ( _ftip. La Mercantil) |
||
| 300 |
_a[4], 10 p. ; _c21 cm. |
||
| 852 |
_aES-MaACL _jT-622-F-6 |
||
| 999 |
_c48507 _d48507 |
||